Est-ce une Capitale d'Afrique ? - Statistiques

Statistiques générales
  • Ce quiz a été pris 191 fois
    189 depuis la dernière actualisation
  • Le résultat moyen est 40 sur 50
Statistiques - réponses
Hint Réponse % Correct
Tunis Oui
94%
Alger Oui
93%
Ouagadougou Oui
93%
Le Caire Oui
92%
Bamako Oui
92%
Madrid Non
91%
Monténégro Non
91%
Pyongyang Non
91%
Rabat Oui
91%
Paris Non
89%
N'Djamena Oui
89%
Dakar Oui
88%
Tripoli Oui
88%
Séoul Non
87%
Sri Jayawardenapura Kotte Non
87%
Addis-Abeba Oui
87%
Nouakchott Oui
86%
Antananarivo Oui
86%
Canton Non
85%
Bangui Oui
85%
Quito Non
84%
Kampala Oui
84%
Jakarta Non
83%
Dodoma Oui
82%
São Tomé Oui
82%
Gibraltar Non
81%
Bandar Seri Begawan Non
81%
Maputo Oui
81%
Saint-Denis Non
80%
Bangalore Non
80%
Khartoum Oui
80%
Malabo Oui
80%
Mbabane Oui
79%
Paramaribo Non
77%
Damas Non
75%
Banjul Oui
75%
Windhoek Oui
75%
Port-Moresby Non
74%
Moroni Oui
73%
Maseru Oui
73%
Praia Oui
71%
Dili Non
70%
Zanzibar Non
68%
Victoria Oui
67%
Port-Louis Oui
64%
Gitega Oui
61%
Douchanbé Non
60%
Malé Non
57%
Dar-es-Salam Non
56%
Abidjan Non
48%
Aucun quiz correspondant
Distribution des résultats
% des personnes avec chaque résultat
Percentile par nombre de réponses
Votre historique - résultats
Vous n’avez pas pris ce quiz depuis la dernière actualisation